000 00457cam a2200193 4500
001 D9028
008 090401t1982 xxu||||| |||| 00| 0 eng d
035 _a(Sirsi) u17017
041 _aeng
050 _a711.1
100 _aStephenson, John
245 _aPlanning procedures
260 _aLondon
_bNorthwood Books
_c1982
300 _ax. 182p. 24cm
350 _a9.95
520 _aA Building Trades Journal Book
942 _n0
948 _c04/03/1997
999 _c87464
_d87464